Статья (некролог) Сорокина П. А. "М. М. Ковалевский, как профессор" (корректура) и газетные вырезки с некрологами Сорокина П. А....

RUSMARC
00005562nac2a22003613x 450
00165a0a709-ee64-4ce8-af28-2071741e4bf0
00520250729161841.0
100##$a20250616l1916 k y0rusy50 ca
1010#$arus
$amul
102##$aRU
105##$ay z |||||
1220#$ad19161231
2001#$aСтатья (некролог) Сорокина П. А. "М. М. Ковалевский, как профессор" (корректура) и газетные вырезки с некрологами Сорокина П. А. о Ковалевском М. М.
$j1916
215##$a14 листов
$d36,4 х 24,4
251##$cДело
300##$aЗаголовок дела на папке: Статья (корректура некролога) Сорокина П. А. "М. М. Ковалевский как профессор" и газетные вырезки с некрологами Сорокина П. А. о Ковалевском М. М.
300##$aЧасть текста на иностранных языках
300##$aНапечатано типографским способом с рукописными пометками
330##$aВходит в раздел описи: 1. Личные документы и документальные материалы научной деятельности Сорокина Питирима Александровича
461#0$1001a1ed3e49-10dd-4e8f-a33a-515d296dfaa5
$12001
$aСорокин Питирим Александрович, ученый-социолог, публицист, член партии социалистов-революционеров
$1251
$cФонд
$1852
$j602
462#0$1001fc724b75-58e4-4009-a4db-55a51343ea69
$12001
$aДела постоянного хранения. 1904-1921 г.
$vД. 15
$1251
$cОпись
$1852
$j1
5171#$aСтатья (корректура некролога) Сорокина П. А. "М. М. Ковалевский как профессор" и газетные вырезки с некрологами Сорокина П. А. о Ковалевском М. М.
600#1$aСорокин
$bП. А.
$gПитирим Александрович
600#1$aКовалевский
$bМ. М.
605##$3DITM\AF\0000004166
$aРоссия в лицах
$lколлекция
$2acquisition_prlib
605##$3DITM\AF\0000003834
$aНарод
$lколлекция
$2acquisition_prlib
6101#$aНекрологи
686##$a63.3(2)60.51(0)6ю1
$cИстория
$2rubbk
686##$a60.51(2)ю1
$cСоциальные науки в целом
$2rubbk
700#1$aСорокин
$bП. А.
$gПитирим Александрович
801#0$aRU
$bGA_RF
801#1$aRU
$bГлавНИВЦ
$c20250616
$2rusmarc
801#2$aRU
$bПБ им. Б.Н. Ельцина
$c20250729
$gRCR
$2rusmarc
852##$aГА РФ
$j15
937##$d197647730
$hГАРФ
035##$aRuPRLIB51079907
856##$uhttp://readingroom.main.prlib.ru/item.aspx?id_node=n197647730&mode=full
Формат отображения